[Event "Deggendorf op 2nd"]
[Site "Deggendorf"]
[Date "2008.05.17"]
[Round "3"]
[White "Berger, Siegfried"]
[Black "Reiser, Eduard"]
[Result "1-0"]
[WhiteElo "1114"]
[BlackElo "990"]
[PlyCount "67"]
[EventDate "2008.05.16"]
[EventType "swiss"]
[EventRounds "5"]
[EventCountry "GER"]
[SourceTitle "CBM 124 Extra"]
[Source "ChessBase"]
[SourceDate "2008.07.03"]
[SourceVersion "1"]
[SourceVersionDate "2008.07.03"]
[SourceQuality "1"]

1. d4 d5 2. Nc3 Nc6 3. Bf4 a6 4. e4 dxe4 5. Nxe4 Bf5 6. Qf3 Qxd4 7. Ng5 h6 8. Nxf7 Kxf7 9. Qb3+ Ke8 10. Bxc7 b5 11. Nf3 Qd7 12. Bg3 Rd8 13. Be2 Bg4 14. Rd1 Qe6 15. Rxd8+ Kxd8 16. Qd3+ Ke8 17. 0-0 Nb4 18. Qd2 Nxa2 19. Re1 Qd7 20. Qa5 Qe6 21. Bxb5+ Kf7 22. Rxe6 Kxe6 23. Qxa6+ Kf7 24. Qxa2+ Kf6 25. Nd4 e5 26. Nc6 Bd7 27. Bxe5+ Kg6 28. Bd3+ Bf5 29. Bxf5+ Kxf5 30. Qf7+ Kg5 31. Bf4+ Kg4 32. Ne5+ Kh4 33. Qf5 Nf6 34. Qh3# 1-0